[Event "Borsod-chT2 1415"]
[Site "Hungary"]
[Date "2014.09.28"]
[Round "1.5"]
[White "Zadori, Janos"]
[Black "Borocz, Miklos"]
[Result "1-0"]
[WhiteElo "1607"]
[BlackElo "1703"]
[PlyCount "87"]
[EventDate "2014.09.28"]
[EventType "team-tourn"]
[EventRounds "7"]
[EventCountry "HUN"]
[SourceTitle "EXT 2016"]
[Source "ChessBase"]
[SourceDate "2015.10.08"]
[SourceVersion "1"]
[SourceVersionDate "2015.10.08"]
[SourceQuality "1"]
[WhiteTeam "Hidasnemeti"]
[BlackTeam "Tiszaujvaros"]
[WhiteTeamCountry "HUN"]
[BlackTeamCountry "HUN"]

1. c4 Nf6 2. Nc3 e6 3. a3 d5 4. e3 Nc6 5. d4 b6 6. Nf3 a5 7. Qc2 Be7 8. Na2 Bd7 9. Bd2 Ne4 10. Bd3 f5 11. Bc3 0-0 12. 0-0 Be8 13. Rac1 Bh5 14. Ne1 Bd6 15. f3 Bxh2+ 16. Kxh2 Qh4+ 17. Kg1 Ng3 18. cxd5 exd5 19. Bd2 Ne7 20. Qxc7 Rac8 21. Qf4 Qh1+ 22. Kf2 Nxf1 23. Bxf1 Ng6 24. Qg3 Rce8 25. Qh3 Qxh3 26. gxh3 Re6 27. Nc3 Ne7 28. f4 h6 29. Bg2 Rd8 30. Nd3 g5 31. Ne5 Be8 32. b4 axb4 33. axb4 Red6 34. b5 Ng6 35. Ra1 gxf4 36. exf4 Nxe5 37. fxe5 Rg6 38. Bxd5+ Kh8 39. Rb1 h5 40. Be3 h4 41. Bf3 Rg3 42. d5 Rc8 43. e6 Rxc3 44. Bd4+ 1-0